Normal view
MARC view
- C.A.Bartlett
Entry Personal Name
001 - CONTROL NUMBER
- control field: 3127
003 - CONTROL NUMBER IDENTIFIER
- control field: OSt
005 - DATE AND TIME OF LATEST TRANSACTION
- control field: 20200610113959.0
008 - FIXED-LENGTH DATA ELEMENTS
- fixed length control field: 200610|| aca||aabn | a|a d
040 ## - CATALOGING SOURCE
- Original cataloging agency: OSt
- Transcribing agency: OSt
100 ## - HEADING--PERSONAL NAME
- Personal name: C.A.Bartlett
670 ## - SOURCE DATA FOUND
- Source citation: Work cat.: (OSt)1776: C.A.Bartlett, Transnational Management , c1991
